<?xml version="1.0" encoding="UTF-8"?>
<record
    xmlns:xsi="http://www.w3.org/2001/XMLSchema-instance"
    xsi:schemaLocation="http://www.loc.gov/MARC21/slim http://www.loc.gov/standards/marcxml/schema/MARC21slim.xsd"
    xmlns="http://www.loc.gov/MARC21/slim">

  <leader>02777nam a2200289 a 4500</leader>
  <controlfield tag="001">000024228</controlfield>
  <controlfield tag="003">OSt</controlfield>
  <controlfield tag="005">20260321073641.0</controlfield>
  <controlfield tag="008">110125s1983    dr ac         001 0 spa d</controlfield>
  <datafield tag="040" ind1=" " ind2=" ">
    <subfield code="a">DO-SdBNP</subfield>
    <subfield code="b">spa</subfield>
    <subfield code="c">BNPHU</subfield>
  </datafield>
  <datafield tag="082" ind1=" " ind2=" ">
    <subfield code="a">972.93054</subfield>
    <subfield code="b">V297v</subfield>
  </datafield>
  <datafield tag="100" ind1="1" ind2=" ">
    <subfield code="a">Vargas, Jos&#xE9; Rafael,</subfield>
    <subfield code="d">1956-</subfield>
    <subfield code="9">23148</subfield>
  </datafield>
  <datafield tag="245" ind1="1" ind2="0">
    <subfield code="a">&#xBF;Vali&#xF3; la pena el golpe de estado contra Bosch? /</subfield>
    <subfield code="c">Jos&#xE9; Rafael Vargas ; presentaci&#xF3;n Silvio Herasme Pe&#xF1;a.</subfield>
  </datafield>
  <datafield tag="260" ind1=" " ind2=" ">
    <subfield code="a">Santo Domingo :</subfield>
    <subfield code="b">Educativa Dominicana,</subfield>
    <subfield code="c">1983.</subfield>
  </datafield>
  <datafield tag="300" ind1=" " ind2=" ">
    <subfield code="a">317 p. :</subfield>
    <subfield code="b">il., retr. ;</subfield>
    <subfield code="c">23 cm.</subfield>
  </datafield>
  <datafield tag="490" ind1="1" ind2=" ">
    <subfield code="a">Ensayos</subfield>
    <subfield code="v">v. 15</subfield>
  </datafield>
  <datafield tag="504" ind1=" " ind2=" ">
    <subfield code="a">Bibliograf&#xED;a : p. 315-317</subfield>
  </datafield>
  <datafield tag="505" ind1="0" ind2=" ">
    <subfield code="g">Presentaci&#xF3;n /</subfield>
    <subfield code="r">Silvio Herasme Pe&#xF1;a --</subfield>
    <subfield code="t">Introducci&#xF3;n /</subfield>
    <subfield code="r">J. Alfonso Lockward --</subfield>
    <subfield code="t">Consideran la asonada militar de 1963 envileci&#xF3; proceso democr&#xE1;tico recien iniciado en el pa&#xED;s --</subfield>
    <subfield code="t">Ven conspiraci&#xF3;n contra el profesor Bosch se inici&#xF3; durante la campa&#xF1;a electoral de 1962 --</subfield>
    <subfield code="t">Los conspiradores ven&#xED;an planificando el golpe con mucha anticipaci&#xF3;n --</subfield>
    <subfield code="t">Coronel Fern&#xE1;ndez preparaba contragolpe para defender la constitucionalidad --</subfield>
    <subfield code="t">Fern&#xE1;ndez Dom&#xED;nguez relata preparativos golpe militar derroc&#xF3; a Bosch --</subfield>
    <subfield code="t">La persecuci&#xF3;n contra los militares represivos trujillistas aceler&#xF3; el derrocamiento de Bosch --</subfield>
    <subfield code="t">Conflicto dom&#xED;nico-haitiano en la frontera crea alarma y confusi&#xF3;n; militares estuvieron alertas --</subfield>
    <subfield code="t">M&#xED;tines de reafirmaci&#xF3;n cristiana y campa&#xF1;a anticomunista surten efecto y militares derrocan al gobierno de Bosch --</subfield>
    <subfield code="t">Golpistas incomunicaron al profesor Juan Bosch; partidos y grupos populares condenaron asonada --</subfield>
    <subfield code="t">Triunvirato se juramenta 36 horas despu&#xE9;s del cuartelazo; el presidente De los Santos promete impulsar la econom&#xED;a --</subfield>
    <subfield code="t">Detiene funcionarios y decenas de personas; Cicl&#xF3;n Edith se agrega a las amenazas contra RD --</subfield>
    <subfield code="t">Fidel Castro coment&#xF3; derrocamiento de Bosch, diciendo que se neg&#xF3; a ser instrumento de E.U. --</subfield>
    <subfield code="t">Jim&#xE9;nes Grull&#xF3;n declar&#xF3; horas despu&#xE9;s: "Golpe de estado fue doloroso, pero inevitable" --</subfield>
    <subfield code="t">Embajador confiesa EUA siguieron a Bosch buscando pruebas era comunista; hab&#xED;a divisi&#xF3;n PRD-Gobierno --</subfield>
    <subfield code="t">Bosch revela norteamericanos no quer&#xED;an derrocarlo sino convertirlo en mu&#xF1;eco manejado desde Embajada --</subfield>
    <subfield code="t">Hechos registrados durante gesti&#xF3;n de Juan Bosch --</subfield>
    <subfield code="t">Bosch exhorta al pueblo a defender su derecho y resalta la dignidad de la lucha democr&#xE1;tica --</subfield>
    <subfield code="g">Bibliograf&#xED;a.</subfield>
  </datafield>
  <datafield tag="590" ind1=" " ind2=" ">
    <subfield code="a">Inventariado, 2019/MFF</subfield>
  </datafield>
  <datafield tag="600" ind1="1" ind2="0">
    <subfield code="a"> Bosch, Juan, </subfield>
    <subfield code="d">1909-2001</subfield>
    <subfield code="9">76555</subfield>
  </datafield>
  <datafield tag="651" ind1=" " ind2="4">
    <subfield code="a">Rep&#xFA;blica Dominicana</subfield>
    <subfield code="x">Pol&#xED;tica y Gobierno</subfield>
    <subfield code="y">Golpe de Estado,1963</subfield>
    <subfield code="9">49756</subfield>
  </datafield>
  <datafield tag="651" ind1=" " ind2="4">
    <subfield code="a">Rep&#xFA;blica Dominicana</subfield>
    <subfield code="x">Historia</subfield>
    <subfield code="y">Golpe de Estado,1963</subfield>
    <subfield code="9">34712</subfield>
  </datafield>
  <datafield tag="700" ind1="1" ind2=" ">
    <subfield code="a">Herasme Pe&#xF1;a, Silvio,</subfield>
    <subfield code="e">present.</subfield>
    <subfield code="9">49757</subfield>
  </datafield>
  <datafield tag="830" ind1=" " ind2="0">
    <subfield code="a">Ensayos</subfield>
    <subfield code="v">v. 15</subfield>
    <subfield code="9">11110</subfield>
  </datafield>
  <datafield tag="910" ind1=" " ind2=" ">
    <subfield code="a">Validado. Control de calidad EMS.</subfield>
  </datafield>
  <datafield tag="942" ind1=" " ind2=" ">
    <subfield code="2">ddc</subfield>
    <subfield code="c">LBS1</subfield>
  </datafield>
  <datafield tag="952" ind1=" " ind2=" ">
    <subfield code="0">0</subfield>
    <subfield code="1">0</subfield>
    <subfield code="7">1</subfield>
    <subfield code="8">PD</subfield>
    <subfield code="a">PD</subfield>
    <subfield code="b">PD</subfield>
    <subfield code="c">HD</subfield>
    <subfield code="d">2011-02-04</subfield>
    <subfield code="i">LF1</subfield>
    <subfield code="l">0</subfield>
    <subfield code="o">972.93054 V297v</subfield>
    <subfield code="p">24228-10</subfield>
    <subfield code="r">2020-06-25</subfield>
    <subfield code="w">2020-06-25</subfield>
    <subfield code="y">LFPD</subfield>
    <subfield code="Z">No se presta</subfield>
  </datafield>
  <datafield tag="999" ind1=" " ind2=" ">
    <subfield code="c">23722</subfield>
    <subfield code="d">23722</subfield>
  </datafield>
</record>
